| 000 | 00440nmm a2200157Ia 4500 | ||
|---|---|---|---|
| 008 | 251105s9999||||xx |||||||||||||||||und|| | ||
| 020 | _a9789878967004 | ||
| 041 | _aspa | ||
| 100 | _aZoppi, Raúl | ||
| 245 | 0 | _aÉtica del decir | |
| 264 |
_a[Buenos Aires, Argentina] : _bEditorial Leviatán, _c2022 |
||
| 300 | _a120 páginas | ||
| 650 | _aPhilosophy, Ethics | ||
| 856 | _uhttps://public.digitaliapublishing.com/a/133936 | ||
| 942 | _cCF | ||
| 999 |
_c97746 _d97746 |
||